The theban plays oedipus the king oedipus at colonus antigone
Kịch cổ Hi Lạp, một tài liệu về lịch sử nền văn minh phương Tây.
Đã lưu trong:
| Tác giả chính: | |
|---|---|
| Định dạng: | Sách |
| Năm xuất bản: |
Anh
Davil Campbell
1994
|
| Chủ đề: | |
| Tags: |
Thêm thẻ
Không có thẻ, Hãy là người đầu tiên gắn thẻ bản ghi này!
|
| LEADER | 00685nam a2200157 4500 | ||
|---|---|---|---|
| 082 | |a 420 |b S400P | ||
| 100 | |a Sophocles | ||
| 245 | |a The theban plays |c Sophocles; David Grene translates;Charles Segal introduced |b oedipus the king oedipus at colonus antigone | ||
| 260 | |a Anh |b Davil Campbell |c 1994 | ||
| 300 | |a 221 tr. |c 21 cm | ||
| 520 | |a Kịch cổ Hi Lạp, một tài liệu về lịch sử nền văn minh phương Tây. | ||
| 653 | |a Ngôn ngữ | ||
| 653 | |a Tiếng Anh | ||
| 942 | |2 ddc |c SH | ||
| 999 | |c 5462 |d 5462 | ||
| 952 | |0 0 |1 0 |2 ddc |4 0 |6 420_000000000000000_S400P |7 0 |8 400 |9 51303 |a qbu |b qbu |c D4 |d 2014-12-24 |g 44000 |o 420 S400P |p 3219.C1 |r 0000-00-00 |w 2014-12-24 |y SH |0 0 |6 420_000000000000000_S400P | ||